00657nam a2200145 a 4500008004100000050002100041245003800062246006700100260006800167300002000235350000900255995009300264999001700357952013700374120416s1987 ||||||||||||||||| || u aHF 5549.5.J6 Mor10aMore evaluating training programs aa collection of articles from Training and Development Journal aAlexandria, VA.bAmerican Society for Training and Develoc1987 aiv, 279p. : ill a0.00 D0.00FCBU-MAIN LIBRARY (Kitwe)H1I25.00UAVAILABLEZMain Library Open Access Collection c51685d51685 00102lcc4070a001b001cMain Library Open Access Collectiond2022-11-30l0oHF 5549.5.J6 Morp006026r2022-11-30w2022-11-30y002